01283nam a22001577a 4500999001900000008004100019100004400060245002100104260001200125300003000137520080600167773001200973906002800985942000701013952010501020 c520129d520129220702b ||||| |||| 00| 0 eng d aDang, G.P. and Sharma, Priyanka 931814 aAl in education  aYojana  a66(6), Jun, 2022: p.27-29 aThe modern world is full of technology and new inventions, in which artificial intelligence ( al) is playing a major role in every sphere of life. Education sector is also not untouched with the application of Al whether it is primary secondary or higher education including professional education. With the day-to day growing influence of al in education in India, the sector must adopt is plans to account fort and how it can assist today’s young minds to become tomorrow’s capable leaders and innovators. The use of al application in education field can assist our teachers in increasing their efficiency by sparing them to perform high-level intellectual tasks in teaching and delivering lectures to students, and making them free from performing monstrous and mundane tasks. – Reproduced  aYojana  aARTIFICIAL INTELLIGENCE cAR 00102ddc40709394199aIIPAbIIPAd2022-07-02h66(6), Jun, 2022: p.27-29pAR126793r2022-07-02yAR